|
|
|
|
| LEADER |
00000nab a2200000 a 4500 |
| 001 |
vtls000905224 |
| 003 |
SK-MaSNL |
| 005 |
20260302172101.0 |
| 008 |
040720e20000810xo 0 slo |
| 035 |
|
|
|a KE14173
|
| 040 |
|
|
|a KEVKJB
|b slo
|c KEVKJB
|e AACR2
|
| 041 |
0 |
|
|a slo
|
| 044 |
|
|
|a xo
|c SK
|
| 080 |
|
|
|a 352.075.2
|2 1981
|
| 080 |
|
|
|a 502.3:061.23
|2 1981
|
| 100 |
1 |
|
|a Némethová, Renáta
|4 aut
|9 826895
|
| 245 |
1 |
0 |
|a V Borovicovom háji sa stavať vily nebudú
|b komisia výstavby nepodporila zámer Virtusu a odporučila zveľaďovať biocentrum pre rekreačné účely
|
| 300 |
|
|
|b 1 foto
|
| 650 |
0 |
7 |
|a mestské zastupiteľstvá
|2 KEVKJB
|9 70169
|
| 650 |
0 |
7 |
|a Borovicový háj (Košice, Slovensko)
|2 KEVKJB
|9 877360
|
| 650 |
0 |
7 |
|a biocentrum
|2 KEVKJB
|9 877361
|
| 650 |
0 |
7 |
|a domy
|2 KEVKJB
|9 29876
|
| 650 |
0 |
7 |
|a výstavba
|2 KEVKJB
|9 29373
|
| 650 |
0 |
7 |
|a nesúhlas
|2 KEVKJB
|9 877362
|
| 651 |
|
7 |
|a Popradská cesta
|2 KEVKJB
|9 877363
|
| 651 |
|
7 |
|a Košice (Slovensko)
|2 KEVKJB
|9 18694
|
| 651 |
|
7 |
|a KE,
|2 KEVKJB
|9 877256
|
| 655 |
|
7 |
|a periodikum
|2 snkbucl
|9 29553
|
| 773 |
0 |
8 |
|t Korzár
|g Roč. 3, č.184, 10.8.2000, s. 3
|
| 852 |
|
|
|a ZVYKNI
|b KIS3GCP
|
| 999 |
|
|
|c 1397939
|d 1399869
|